German Subdivisions - Sudden Death - Statistics

General Stats
  • This quiz has been taken 650 times
  • The average score is 12 of 16
Answers on the Grid
Answers color-coded by a green-red scale on the quiz's grid according to % correct below.
Baden-Württemberg
Bavaria
Berlin
Brandenburg
Bremen
Cologne
Flanders
Friesland
Hamburg
Hesse
Holland
Jutland
Limburg
Lower Saxony
Lower Silesia
Mecklenburg-Vorpommern
Munich
North Rhine-Westphalia
Pomerania
Rhineland-Palatinate
Rügen
Ruhr
Saarland
Saxony
Saxony-Anhalt
Schleswig-Holstein
Silesia
Thuringia
 
Answer Stats
Answer % Correct
Bavaria
94%
Baden-Württemberg
86%
Brandenburg
78%
Berlin
77%
Lower Saxony
75%
North Rhine-Westphalia
73%
Bremen
72%
Hamburg
69%
Saxony-Anhalt
69%
Mecklenburg-Vorpommern
68%
Schleswig-Holstein
68%
Rhineland-Palatinate
67%
Saxony
67%
Hesse
66%
Saarland
64%
Thuringia
62%
No matching quizzes found
Score Distribution
Percent of People with Each Score
Percentile by Number Answered
Your Score History
You have not taken this quiz